Robbins y Cotran (Registro nro. 10820)

000 -CABECERA
Campo de control de longitud fija 02721nam a22003377a 4500
003 - IDENTIFICADOR DEL NÚMERO DE CONTROL
Campo de control OSt
005 - FECHA Y HORA DE LA ÚLTIMA TRANSACCIÓN
Campo de control 20260416165711.0
008 - CÓDIGOS DE INFORMACIÓN DE LONGITUD FIJA
Campo de control de longitud fija 260408t2015 xxu||||| |||| 00| 0 spa d
020 ## - NÚMERO INTERNACIONAL NORMALIZADO PARA LIBROS (ISBN)
Número Internacional Normalizado para Libros (ISBN) 9788490228791
020 ## - NÚMERO INTERNACIONAL NORMALIZADO PARA LIBROS (ISBN)
Número Internacional Normalizado para Libros (ISBN) 9788490228784
020 ## - NÚMERO INTERNACIONAL NORMALIZADO PARA LIBROS (ISBN)
Número Internacional Normalizado para Libros (ISBN) 978145572614
040 ## - FUENTE DE LA CATALOGACIÓN
Centro catalogador de origen Unicoc
Lengua de catalogación spa
Centro que cataloga Bogotá (Dr. David Ordóñez Rueda) - Campus Norte
Centro modificador Bogotá (Dr. David Ordóñez Rueda) - Campus Norte
082 ## - NÚMERO DE LA CLASIFICACIÓN DECIMAL DEWEY
Número de clasificación 616.07
100 ## - PUNTO DE ACCESO PRINCIPAL - NOMBRE DE PERSONA
9 (RLIN) 1145
Nombre de persona Kumar, Vinay
245 ## - MENCIÓN DE TÍTULO
Título Robbins y Cotran
Subtitulo o Resto del título : Patología estructural y funcional
Mención de responsabilidad etc. / Kumar Vinay, Abul K. Abbas, Jon C. Aster
250 ## - MENCIÓN DE EDICIÓN
Mención de edición 9 Ed.
260 ## - PUBLICATION, DISTRIBUTION, ETC. (IMPRINT)
Lugar de publicación distribución etc. España :
Nombre del editor distribuidor etc. Elsevier ,
Fecha de publicación distribución etc. 2015.
300 ## - DESCRIPCIÓN FÍSICA
Extensión 3614 páginas
Otras características físicas Ilustraciones, cuadros, diagramas, fotos y tablas
500 ## - NOTA GENERAL
Nota general Incluye Índice
505 ## - NOTA DE CONTENIDO CON FORMATO
Título Patología general. --
-- Capítulo 1: La célula como unidad de salud y enfermedad. --
-- Capítulo 2: Respuestas celulares al estrés y las agresiones tóxicas: adaptación, lesión y muerte. --
-- Capítulo 3: Inflamación y reparación. --
-- Capítulo 4: Trastornos hemodinámicos, enfermedad tromboembólica y shock. --
-- Capítulo 5: Trastornos genéticos. --
-- Capítulo 6: Enfermedades del sistema inmunitario. --
-- Capítulo 7: Neoplasias. --
-- Capítulo 8: Enfermedades infecciosas. --
-- Capítulo 9: Enfermedades ambientales y nutricionales. --
-- Capítulo 10: Enfermedades de la lactancia y la infancia. --
-- Patología sistémica: enfermedades de los sistemas orgánicos. --
-- Capítulo 11: Vasos sanguíneos. --
-- Capítulo 12: Corazón. --
-- Capítulo 13: Enfermedades de los leucocitos, ganglios linfáticos, bazo y timo. --
-- Capítulo 14: Trastornos de los eritrocitos y trastornos hemorrágicos. --
-- Capítulo 15: Pulmón. --
-- Capítulo 16: Cabeza y cuello. --
-- Capítulo 17: Tubo digestivo. --
-- Capítulo 18: Hígado y vesícula biliar. --
-- Capítulo 19: Páncreas. --
-- Capítulo 20: Riñón. --
-- Capítulo 21: Vías urinarias bajas y aparato genital masculino. --
-- Capítulo 22: Aparato genital femenino. --
-- Capítulo 23: Mama. --
-- Capítulo 24: Sistema endocrino. --
-- Capítulo 25: Piel. --
-- Capítulo 26: Huesos, articulaciones y tumores de partes blandas. --
-- Capítulo 27: Nervios periféricos y músculos esqueléticos. --
-- Capítulo 28: Sistema nervioso central. --
-- Capítulo 29: Ojo.
526 ## - NOTA DE INFORMACIÓN SOBRE EL PROGRAMA DE ESTUDIO
Institución que aplica el campo Unicoc
546 ## - NOTA DE LENGUA
Nota de lengua Español
650 #0 - PUNTO DE ACCESO ADICIONAL DE MATERIA - TÉRMINO DE MATERIA
9 (RLIN) 4519
Término de materia o nombre geográfico como elemento inicial Patología
Subdivisión de forma Manuales
650 #0 - PUNTO DE ACCESO ADICIONAL DE MATERIA - TÉRMINO DE MATERIA
9 (RLIN) 12205
Término de materia o nombre geográfico como elemento inicial Anatomía y Patología
Subdivisión de forma Manuales
650 #0 - PUNTO DE ACCESO ADICIONAL DE MATERIA - TÉRMINO DE MATERIA
9 (RLIN) 11905
Término de materia o nombre geográfico como elemento inicial Fisiopatologia
Subdivisión de forma Manuales
658 #0 - TÉRMINO DE INDIZACIÓN - OBJETIVO CURRICULAR
9 (RLIN) 8315
Programa Académico Programa de Odontología
700 ## - PUNTO DE ACCESO ADICIONAL - NOMBRE DE PERSONA
9 (RLIN) 7061
Nombre de persona Abbas, Abul K.
700 ## - PUNTO DE ACCESO ADICIONAL - NOMBRE DE PERSONA
9 (RLIN) 7929
Nombre de persona Aster, Jon C.
856 ## - LOCALIZACIÓN Y ACCESO ELECTRÓNICOS
Identificador Uniforme del Recurso (URI) https://unicoceduco-my.sharepoint.com/:b:/g/personal/direccionbiblioteca_unicoc_edu_co/IQAH8rOrf__nRZSMjaB3i8ZPAUC-kbUkWy53fKdJPSEbZ-M
Texto del enlace Acceso online exclusivo para comunidad Unicoc
942 ## - ENTRADA PARA ELEMENTOS AGREGADOS (KOHA)
Fuente de clasificación o esquema de ordenación en estanterías
Koha [por defecto] tipo de item Libro electrónico
Existencias
Tipo de item de Koha Código de barras Localización actual Fecha de adquisición Precio Fuente de clasificación o esquema de ordenación en estanterías Fuente de adquisición Código de colección Fecha última consulta Estado de pérdida Fecha del precio de reemplazo Localización permanente Estropeado Signatura completa No para préstamo
Libro electrónicoEbook10820Bogotá (Dr. David Ordóñez Rueda) - Campus Norte2026-04-08200000.00 CompraColeccion Online2026-04-08 2026-04-08Bogotá (Dr. David Ordóñez Rueda) - Campus Norte 616.07 

© 2014 UNICOC | Institución Universitaria Colegios de Colombia - UNICOC
Bogotá D.C. Autopista Norte Km. 20. Teléfono:(571)6683535
Cali: Calle 13 Norte No. 3N-13. Teléfono: (572)6608887

Con tecnología de Koha